[Event "April 9 Late 2024"]
[Site "Chess.com"]
[Date "2024.04.09"]
[Round "6"]
[White "Mullodzhanov, Nathaniel"]
[Black "Arnold, Ken"]
[Result "1-0"]
[Board "99"]
[WhiteFideId "30961580"]
[BlackFideId "2056836"]
[WhiteElo "2547"]
[BlackElo "2409"]
[WhiteTeam "USA"]
[BlackTeam "USA"]
[WhiteClock "0:00:22"]
[BlackClock "0:00:15"]
[Variant "Standard"]

1. e4 {[%clk 0:03:00]}  c6 {[%clk 0:02:59]} 2. Nf3 {[%clk 0:03:00]}  d5 {[%clk 0:02:59]} 3. Nc3 {[%clk 0:03:01]}  Bg4 {[%clk 0:02:57]} 4. h3 {[%clk 0:03:01]}  Bxf3 {[%clk 0:02:57]} 5. Qxf3 {[%clk 0:03:01]}  e6 {[%clk 0:02:57]} 6. d3 {[%clk 0:03:01]}  Nf6 {[%clk 0:02:57]} 7. g3 {[%clk 0:03:00]}  Nbd7 {[%clk 0:02:57]} 8. Bd2 {[%clk 0:03:00]}  Bb4 {[%clk 0:02:55]} 9. Bg2 {[%clk 0:03:00]}  dxe4 {[%clk 0:02:55]} 10. dxe4 {[%clk 0:02:56]}  O-O {[%clk 0:02:42]} 11. O-O {[%clk 0:02:55]}  Qe7 {[%clk 0:02:34]} 12. a3 {[%clk 0:02:51]}  Ba5 {[%clk 0:02:29]} 13. Qe2 {[%clk 0:02:47]}  e5 {[%clk 0:02:24]} 14. Rad1 {[%clk 0:02:36]}  Bb6 {[%clk 0:02:22]} 15. Na4 {[%clk 0:02:32]}  Rfd8 {[%clk 0:02:18]} 16. Nxb6 {[%clk 0:02:28]}  axb6 {[%clk 0:02:18]} 17. Bc1 {[%clk 0:02:14]}  Nc5 {[%clk 0:02:16]} 18. b3 {[%clk 0:02:09]}  Rxd1 {[%clk 0:02:15]} 19. Rxd1 {[%clk 0:02:09]}  Rd8 {[%clk 0:02:15]} 20. Rxd8+ {[%clk 0:02:02]}  Qxd8 {[%clk 0:02:15]} 21. Bb2 {[%clk 0:02:03]}  Qd6 {[%clk 0:02:11]} 22. Kh2 {[%clk 0:01:51]}  h6 {[%clk 0:02:06]} 23. a4 {[%clk 0:01:37]}  Ne6 {[%clk 0:01:50]} 24. Qe3 {[%clk 0:01:29]}  Nd4 {[%clk 0:01:42]} 25. c3 {[%clk 0:01:22]}  Nxb3 {[%clk 0:01:39]} 26. Qxb6 {[%clk 0:01:22]}  Nd2 {[%clk 0:01:31]} 27. Qxb7 {[%clk 0:01:18]}  Nfxe4 {[%clk 0:01:28]} 28. Qc8+ {[%clk 0:01:10]}  Kh7 {[%clk 0:01:28]} 29. Qf5+ {[%clk 0:01:06]}  Qg6 {[%clk 0:01:28]} 30. Qxe5 {[%clk 0:01:01]}  Nxf2 {[%clk 0:01:23]} 31. Qe2 {[%clk 0:00:59]}  Nde4 {[%clk 0:01:21]} 32. Qf3 {[%clk 0:00:51]}  f5 {[%clk 0:01:01]} 33. c4 {[%clk 0:00:46]}  Qe6 {[%clk 0:01:00]} 34. a5 {[%clk 0:00:36]}  Qxc4 {[%clk 0:00:52]} 35. Qxf5+ {[%clk 0:00:34]}  Kg8 {[%clk 0:00:52]} 36. Qg6 {[%clk 0:00:26]}  Nc3 {[%clk 0:00:28]} 37. Qxc6 {[%clk 0:00:22]}  Qxc6 {[%clk 0:00:20]} 38. Bxc6 {[%clk 0:00:23]}  Nfd1 {[%clk 0:00:19]} 39. Bxc3 {[%clk 0:00:21]}  Nxc3 {[%clk 0:00:15]} 40. a6 {[%clk 0:00:22]} 1-0

[Event "April 9 Late 2024"]
[Site "Chess.com"]
[Date "2024.04.09"]
[Round "6"]
[White "Silva, Luca"]
[Black "Idnani, Taran"]
[Result "1-0"]
[Board "103"]
[WhiteFideId "147370"]
[BlackFideId "2071002"]
[WhiteTitle "FM"]
[BlackTitle "CM"]
[WhiteElo "2506"]
[BlackElo "2389"]
[WhiteTeam "ARG"]
[BlackTeam "USA"]
[WhiteClock "0:02:07"]
[BlackClock "0:02:17"]
[Variant "Standard"]

1. d4 {[%clk 0:03:00]}  Nf6 {[%clk 0:02:59]} 2. c4 {[%clk 0:03:01]}  c5 {[%clk 0:02:59]} 3. d5 {[%clk 0:03:00]}  b5 {[%clk 0:02:59]} 4. Bg5 {[%clk 0:02:59]}  bxc4 {[%clk 0:02:56]} 5. Nc3 {[%clk 0:02:59]}  d6 {[%clk 0:02:55]} 6. e4 {[%clk 0:03:00]}  Nbd7 {[%clk 0:02:53]} 7. Bxc4 {[%clk 0:02:59]}  g6 {[%clk 0:02:53]} 8. f4 {[%clk 0:02:59]}  Bg7 {[%clk 0:02:53]} 9. Nf3 {[%clk 0:02:59]}  O-O {[%clk 0:02:53]} 10. O-O {[%clk 0:03:00]}  Qb6 {[%clk 0:02:52]} 11. Qe2 {[%clk 0:03:00]}  a5 {[%clk 0:02:43]} 12. e5 {[%clk 0:02:58]}  dxe5 {[%clk 0:02:37]} 13. fxe5 {[%clk 0:02:59]}  Ng4 {[%clk 0:02:37]} 14. e6 {[%clk 0:02:39]}  fxe6 {[%clk 0:02:33]} 15. Bxe7 {[%clk 0:02:39]}  Re8 {[%clk 0:02:31]} 16. d6 {[%clk 0:02:39]}  Nde5 {[%clk 0:02:28]} 17. Ng5 {[%clk 0:02:27]}  Nxc4 {[%clk 0:02:21]} 18. Qxc4 {[%clk 0:02:23]}  Ne5 {[%clk 0:02:21]} 19. Qe4 {[%clk 0:02:16]}  Bb7 {[%clk 0:02:20]} 20. Qh4 {[%clk 0:02:11]}  h6 {[%clk 0:02:19]} 21. Nxe6 {[%clk 0:02:09]}  Rxe7 {[%clk 0:02:17]} 22. Qxe7 {[%clk 0:02:07]} 1-0

[Event "April 9 Late 2024"]
[Site "Chess.com"]
[Date "2024.04.09"]
[Round "6"]
[White "Gerbelli Neto, Eduardo"]
[Black "Azali, Tannaz"]
[Result "0-1"]
[Board "105"]
[WhiteFideId "2103281"]
[BlackFideId "12537721"]
[BlackTitle "WFM"]
[WhiteElo "2377"]
[BlackElo "2492"]
[WhiteTeam "BRA"]
[BlackTeam "IRI"]
[WhiteClock "0:00:19"]
[BlackClock "0:00:16"]
[Variant "Standard"]

1. e4 {[%clk 0:03:00]}  c5 {[%clk 0:02:59]} 2. Nc3 {[%clk 0:03:00]}  Nc6 {[%clk 0:02:59]} 3. f4 {[%clk 0:03:00]}  g6 {[%clk 0:02:58]} 4. Nf3 {[%clk 0:03:00]}  Bg7 {[%clk 0:02:38]} 5. Bc4 {[%clk 0:02:59]}  e6 {[%clk 0:02:32]} 6. f5 {[%clk 0:02:56]}  gxf5 {[%clk 0:02:28]} 7. d3 {[%clk 0:02:56]}  Nge7 {[%clk 0:02:21]} 8. O-O {[%clk 0:02:52]}  O-O {[%clk 0:02:21]} 9. Bg5 {[%clk 0:02:52]}  h6 {[%clk 0:02:18]} 10. Bh4 {[%clk 0:02:51]}  Qc7 {[%clk 0:02:18]} 11. Nb5 {[%clk 0:02:36]}  Qb8 {[%clk 0:02:13]} 12. Qd2 {[%clk 0:02:21]}  f4 {[%clk 0:02:12]} 13. g3 {[%clk 0:02:16]}  Ng6 {[%clk 0:02:07]} 14. c3 {[%clk 0:01:54]}  a6 {[%clk 0:01:58]} 15. Na3 {[%clk 0:01:53]}  b5 {[%clk 0:01:58]} 16. Bb3 {[%clk 0:01:53]}  Nxh4 {[%clk 0:01:53]} 17. Nxh4 {[%clk 0:01:52]}  fxg3 {[%clk 0:01:52]} 18. Nf3 {[%clk 0:01:14]}  gxh2+ {[%clk 0:01:40]} 19. Kh1 {[%clk 0:01:14]}  Bb7 {[%clk 0:01:39]} 20. Rf2 {[%clk 0:01:14]}  Ne5 {[%clk 0:01:37]} 21. Nxe5 {[%clk 0:01:07]}  Qxe5 {[%clk 0:01:33]} 22. Rg2 {[%clk 0:01:07]}  c4 {[%clk 0:01:24]} 23. Bc2 {[%clk 0:01:05]}  cxd3 {[%clk 0:01:08]} 24. Bxd3 {[%clk 0:01:05]}  Bxe4 {[%clk 0:01:07]} 25. Bxe4 {[%clk 0:01:05]}  Qxe4 {[%clk 0:01:08]} 26. Re1 {[%clk 0:01:00]}  Qc6 {[%clk 0:01:01]} 27. Re2 {[%clk 0:01:00]}  f5 {[%clk 0:00:55]} 28. Qxh6 {[%clk 0:00:59]}  Rf7 {[%clk 0:00:55]} 29. Kxh2 {[%clk 0:00:50]}  f4 {[%clk 0:00:44]} 30. Ref2 {[%clk 0:00:44]}  f3 {[%clk 0:00:35]} 31. Rg4 {[%clk 0:00:38]}  Qd6+ {[%clk 0:00:27]} 32. Kh3 {[%clk 0:00:32]}  Qd1 {[%clk 0:00:21]} 33. Kh2 {[%clk 0:00:28]}  Kf8 {[%clk 0:00:17]} 34. Qg6 {[%clk 0:00:28]}  Be5+ {[%clk 0:00:17]} 35. Rg3 {[%clk 0:00:23]}  Bxg3+ {[%clk 0:00:17]} 36. Kxg3 {[%clk 0:00:21]}  Rg7 {[%clk 0:00:16]} 37. Rxf3+ {[%clk 0:00:19]}  Qxf3+ {[%clk 0:00:16]} 0-1

[Event "April 9 Late 2024"]
[Site "Chess.com"]
[Date "2024.04.09"]
[Round "6"]
[White "Davidson, Kevin"]
[Black "Romero Ruscalleda, Josep"]
[Result "0-1"]
[Board "107"]
[WhiteFideId "2056810"]
[BlackFideId "2231859"]
[BlackTitle "FM"]
[WhiteElo "2482"]
[BlackElo "2357"]
[WhiteTeam "USA"]
[BlackTeam "ESP"]
[WhiteClock "0:00:00"]
[BlackClock "0:00:19"]
[Variant "Standard"]

1. e4 {[%clk 0:03:00]}  g6 {[%clk 0:03:00]} 2. d4 {[%clk 0:03:00]}  Bg7 {[%clk 0:03:00]} 3. Nc3 {[%clk 0:03:00]}  d6 {[%clk 0:03:01]} 4. f4 {[%clk 0:03:00]}  a6 {[%clk 0:03:01]} 5. Nf3 {[%clk 0:03:00]}  b5 {[%clk 0:03:01]} 6. Bd3 {[%clk 0:02:59]}  Bb7 {[%clk 0:03:01]} 7. a4 {[%clk 0:02:59]}  b4 {[%clk 0:03:01]} 8. Ne2 {[%clk 0:02:59]}  Nf6 {[%clk 0:02:57]} 9. e5 {[%clk 0:02:58]}  Nd5 {[%clk 0:02:53]} 10. O-O {[%clk 0:02:56]}  e6 {[%clk 0:02:49]} 11. Qe1 {[%clk 0:02:24]}  Nd7 {[%clk 0:02:47]} 12. a5 {[%clk 0:02:18]}  c5 {[%clk 0:02:40]} 13. c3 {[%clk 0:02:06]}  bxc3 {[%clk 0:02:33]} 14. bxc3 {[%clk 0:02:05]}  Rc8 {[%clk 0:02:29]} 15. Ng5 {[%clk 0:01:58]}  O-O {[%clk 0:02:26]} 16. Ne4 {[%clk 0:01:57]}  dxe5 {[%clk 0:02:19]} 17. fxe5 {[%clk 0:01:55]}  cxd4 {[%clk 0:01:48]} 18. cxd4 {[%clk 0:01:54]}  Nxe5 {[%clk 0:01:46]} 19. dxe5 {[%clk 0:01:48]}  Bxe5 {[%clk 0:01:46]} 20. Rb1 {[%clk 0:01:23]}  Qc7 {[%clk 0:01:45]} 21. Qh4 {[%clk 0:01:15]}  f5 {[%clk 0:01:20]} 22. Ng5 {[%clk 0:01:11]}  Rce8 {[%clk 0:01:20]} 23. Ba3 {[%clk 0:00:50]}  Nf6 {[%clk 0:01:15]} 24. Rfc1 {[%clk 0:00:42]}  Qb8 {[%clk 0:01:00]} 25. Bxf8 {[%clk 0:00:38]}  Rxf8 {[%clk 0:01:00]} 26. Nxe6 {[%clk 0:00:29]}  Rf7 {[%clk 0:00:56]} 27. Bc4 {[%clk 0:00:24]}  Qa7+ {[%clk 0:00:50]} 28. Kh1 {[%clk 0:00:23]}  Bd5 {[%clk 0:00:50]} 29. Bxd5 {[%clk 0:00:19]}  Qd7 {[%clk 0:00:48]} 30. Bc4 {[%clk 0:00:12]}  Ng4 {[%clk 0:00:40]} 31. Ng5 {[%clk 0:00:10]}  Kf8 {[%clk 0:00:30]} 32. Bxf7 {[%clk 0:00:08]}  h6 {[%clk 0:00:28]} 33. Ne6+ {[%clk 0:00:04]}  Kxf7 {[%clk 0:00:27]} 34. Qd8 {[%clk 0:00:04]}  Nf2+ {[%clk 0:00:20]} 35. Kg1 {[%clk 0:00:04]}  Qa7 {[%clk 0:00:20]} 36. Qd5 {[%clk 0:00:00]}  Nh3+ {[%clk 0:00:19]} 0-1

[Event "April 9 Late 2024"]
[Site "Chess.com"]
[Date "2024.04.09"]
[Round "6"]
[White "Mizzi, Jack"]
[Black "Kujawski, Adam"]
[Result "0-1"]
[Board "108"]
[WhiteFideId "5602521"]
[BlackFideId "1100920"]
[WhiteTitle "CM"]
[BlackTitle "FM"]
[WhiteElo "2477"]
[BlackElo "2354"]
[WhiteTeam "MLT"]
[BlackTeam "POL"]
[WhiteClock "0:00:23"]
[BlackClock "0:00:53"]
[Variant "Standard"]

1. d4 {[%clk 0:03:00]}  g6 {[%clk 0:02:59]} 2. c4 {[%clk 0:02:59]}  Bg7 {[%clk 0:02:59]} 3. g3 {[%clk 0:02:59]}  e6 {[%clk 0:02:55]} 4. Bg2 {[%clk 0:02:58]}  Ne7 {[%clk 0:02:55]} 5. Nf3 {[%clk 0:02:57]}  O-O {[%clk 0:02:54]} 6. O-O {[%clk 0:02:57]}  d6 {[%clk 0:02:54]} 7. Qc2 {[%clk 0:02:56]}  Nd7 {[%clk 0:02:54]} 8. Rd1 {[%clk 0:02:56]}  a6 {[%clk 0:02:53]} 9. Nc3 {[%clk 0:02:55]}  Rb8 {[%clk 0:02:53]} 10. a4 {[%clk 0:02:55]}  a5 {[%clk 0:02:43]} 11. Bg5 {[%clk 0:02:49]}  h6 {[%clk 0:02:41]} 12. Bd2 {[%clk 0:02:46]}  b6 {[%clk 0:02:40]} 13. h4 {[%clk 0:02:41]}  Nc6 {[%clk 0:02:33]} 14. Be3 {[%clk 0:02:32]}  Nb4 {[%clk 0:02:32]} 15. Qd2 {[%clk 0:02:31]}  Kh7 {[%clk 0:02:25]} 16. h5 {[%clk 0:02:28]}  Nf6 {[%clk 0:02:05]} 17. hxg6+ {[%clk 0:02:25]}  fxg6 {[%clk 0:02:06]} 18. Nh2 {[%clk 0:02:11]}  Qe7 {[%clk 0:02:04]} 19. Ne4 {[%clk 0:02:03]}  Bb7 {[%clk 0:01:57]} 20. Nxf6+ {[%clk 0:01:57]}  Qxf6 {[%clk 0:01:56]} 21. Bxb7 {[%clk 0:01:57]}  Rxb7 {[%clk 0:01:55]} 22. Ng4 {[%clk 0:01:57]}  Qf5 {[%clk 0:01:51]} 23. Nxh6 {[%clk 0:01:53]}  Bxh6 {[%clk 0:01:42]} 24. Bxh6 {[%clk 0:01:33]}  Qxf2+ {[%clk 0:01:40]} 25. Kh1 {[%clk 0:01:33]}  Rf5 {[%clk 0:01:26]} 26. Bg5 {[%clk 0:01:18]}  Qxg3 {[%clk 0:01:16]} 27. Rf1 {[%clk 0:00:41]}  Qh3+ {[%clk 0:01:05]} 28. Kg1 {[%clk 0:00:40]}  Qg4+ {[%clk 0:01:04]} 29. Kh1 {[%clk 0:00:32]}  Qh5+ {[%clk 0:01:04]} 30. Kg2 {[%clk 0:00:29]}  Rxg5+ {[%clk 0:01:04]} 31. Kf2 {[%clk 0:00:29]}  Qh4+ {[%clk 0:01:02]} 32. Ke3 {[%clk 0:00:27]}  Rg3+ {[%clk 0:00:55]} 33. Rf3 {[%clk 0:00:26]}  Qg5+ {[%clk 0:00:55]} 34. Kf2 {[%clk 0:00:23]}  Rxf3+ {[%clk 0:00:53]} 35. Kxf3 {[%clk 0:00:23]}  Qxd2 {[%clk 0:00:53]} 0-1

[Event "April 9 Late 2024"]
[Site "Chess.com"]
[Date "2024.04.09"]
[Round "6"]
[White "Andrews, Todd"]
[Black "Martinez Lopez, David"]
[Result "1-0"]
[Board "110"]
[WhiteFideId "2012456"]
[BlackFideId "22235779"]
[WhiteTitle "FM"]
[BlackTitle "FM"]
[WhiteElo "2474"]
[BlackElo "2343"]
[WhiteTeam "USA"]
[BlackTeam "ESP"]
[WhiteClock "0:00:18"]
[BlackClock "0:00:21"]
[Variant "Standard"]

1. e4 {[%clk 0:03:00]}  c5 {[%clk 0:02:59]} 2. Nf3 {[%clk 0:02:59]}  d6 {[%clk 0:03:00]} 3. d4 {[%clk 0:02:59]}  cxd4 {[%clk 0:03:01]} 4. Nxd4 {[%clk 0:03:00]}  Nf6 {[%clk 0:03:01]} 5. Nc3 {[%clk 0:03:01]}  Nc6 {[%clk 0:03:01]} 6. Bc4 {[%clk 0:03:01]}  Qb6 {[%clk 0:03:01]} 7. Nb3 {[%clk 0:03:00]}  e6 {[%clk 0:03:00]} 8. O-O {[%clk 0:02:58]}  a6 {[%clk 0:02:59]} 9. a4 {[%clk 0:02:58]}  Be7 {[%clk 0:02:52]} 10. a5 {[%clk 0:02:57]}  Qc7 {[%clk 0:02:52]} 11. Qe2 {[%clk 0:02:54]}  O-O {[%clk 0:02:52]} 12. Be3 {[%clk 0:02:51]}  Nd7 {[%clk 0:02:48]} 13. f4 {[%clk 0:02:49]}  Nc5 {[%clk 0:02:41]} 14. Nxc5 {[%clk 0:02:34]}  dxc5 {[%clk 0:02:42]} 15. e5 {[%clk 0:02:34]}  Nxa5 {[%clk 0:02:29]} 16. Bd3 {[%clk 0:02:34]}  c4 {[%clk 0:02:10]} 17. Be4 {[%clk 0:02:19]}  Bc5 {[%clk 0:01:54]} 18. Rf3 {[%clk 0:02:17]}  g6 {[%clk 0:01:51]} 19. Rh3 {[%clk 0:01:57]}  f5 {[%clk 0:01:48]} 20. exf6 {[%clk 0:01:53]}  Rxf6 {[%clk 0:01:48]} 21. Rd1 {[%clk 0:01:19]}  Bd7 {[%clk 0:01:37]} 22. Kh1 {[%clk 0:01:04]}  Bxe3 {[%clk 0:01:24]} 23. Qxe3 {[%clk 0:01:05]}  Raf8 {[%clk 0:01:22]} 24. f5 {[%clk 0:00:54]}  gxf5 {[%clk 0:01:03]} 25. Qg5+ {[%clk 0:00:42]}  Rg6 {[%clk 0:00:57]} 26. Qh5 {[%clk 0:00:42]}  Rf7 {[%clk 0:00:53]} 27. Nd5 {[%clk 0:00:34]}  Qe5 {[%clk 0:00:41]} 28. Bf3 {[%clk 0:00:24]}  exd5 {[%clk 0:00:36]} 29. Bxd5 {[%clk 0:00:24]}  Be6 {[%clk 0:00:36]} 30. Bxe6 {[%clk 0:00:19]}  Qxe6 {[%clk 0:00:37]} 31. Rd8+ {[%clk 0:00:19]}  Kg7 {[%clk 0:00:33]} 32. Qxh7+ {[%clk 0:00:19]}  Kf6 {[%clk 0:00:34]} 33. Qh8+ {[%clk 0:00:19]}  Rfg7 {[%clk 0:00:27]} 34. Rf8+ {[%clk 0:00:19]}  Ke5 {[%clk 0:00:25]} 35. Re3+ {[%clk 0:00:19]}  Kd5 {[%clk 0:00:20]} 36. Rxe6 {[%clk 0:00:19]}  Kxe6 {[%clk 0:00:21]} 37. Re8+ {[%clk 0:00:18]}  Kf7 {[%clk 0:00:21]} 38. Qf8# {[%clk 0:00:18]} 1-0

[Event "April 9 Late 2024"]
[Site "Chess.com"]
[Date "2024.04.09"]
[Round "6"]
[White "Pourkashiyan, Atousa"]
[Black "McLaren, Brian"]
[Result "0-1"]
[Board "112"]
[WhiteFideId "12502014"]
[BlackFideId "2604612"]
[WhiteTitle "WGM"]
[WhiteElo "2464"]
[BlackElo "2335"]
[WhiteTeam "USA"]
[BlackTeam "CAN"]
[WhiteClock "0:00:10"]
[BlackClock "0:01:17"]
[Variant "Standard"]

1. Nf3 {[%clk 0:02:57]}  d5 {[%clk 0:02:59]} 2. g3 {[%clk 0:02:57]}  c6 {[%clk 0:02:59]} 3. Bg2 {[%clk 0:02:57]}  Bf5 {[%clk 0:02:57]} 4. d4 {[%clk 0:02:57]}  Nf6 {[%clk 0:02:57]} 5. O-O {[%clk 0:02:58]}  h6 {[%clk 0:02:57]} 6. Nbd2 {[%clk 0:02:57]}  e6 {[%clk 0:02:57]} 7. c4 {[%clk 0:02:57]}  Be7 {[%clk 0:02:57]} 8. b3 {[%clk 0:02:58]}  O-O {[%clk 0:02:56]} 9. Ne5 {[%clk 0:02:58]}  Nbd7 {[%clk 0:02:55]} 10. f4 {[%clk 0:02:58]}  a5 {[%clk 0:02:49]} 11. a3 {[%clk 0:02:51]}  Qc7 {[%clk 0:02:45]} 12. Bb2 {[%clk 0:02:49]}  b5 {[%clk 0:02:40]} 13. cxb5 {[%clk 0:02:42]}  cxb5 {[%clk 0:02:40]} 14. Rc1 {[%clk 0:02:42]}  Qb7 {[%clk 0:02:34]} 15. h3 {[%clk 0:02:35]}  Rfc8 {[%clk 0:02:32]} 16. g4 {[%clk 0:02:32]}  Bh7 {[%clk 0:02:32]} 17. g5 {[%clk 0:02:28]}  hxg5 {[%clk 0:02:26]} 18. fxg5 {[%clk 0:02:28]}  Ne4 {[%clk 0:02:15]} 19. Nxf7 {[%clk 0:01:55]}  Nxg5 {[%clk 0:02:13]} 20. Ne5 {[%clk 0:01:36]}  Nxe5 {[%clk 0:02:12]} 21. dxe5 {[%clk 0:01:37]}  Qb6+ {[%clk 0:02:08]} 22. Kh2 {[%clk 0:01:25]}  Rxc1 {[%clk 0:01:58]} 23. Bxc1 {[%clk 0:01:23]}  Rf8 {[%clk 0:01:51]} 24. Nf3 {[%clk 0:01:23]}  Ne4 {[%clk 0:01:50]} 25. Qe1 {[%clk 0:01:00]}  Rc8 {[%clk 0:01:41]} 26. Bb2 {[%clk 0:00:37]}  Rc2 {[%clk 0:01:38]} 27. Bd4 {[%clk 0:00:36]}  Qc7 {[%clk 0:01:34]} 28. e3 {[%clk 0:00:17]}  Bf5 {[%clk 0:01:32]} 29. Kh1 {[%clk 0:00:17]}  Bxa3 {[%clk 0:01:26]} 30. Nh4 {[%clk 0:00:16]}  Bh7 {[%clk 0:01:20]} 31. Bf3 {[%clk 0:00:16]}  Rc1 {[%clk 0:01:18]} 32. Qe2 {[%clk 0:00:15]}  Rxf1+ {[%clk 0:01:17]} 33. Qxf1 {[%clk 0:00:10]}  Ng3+ {[%clk 0:01:17]} 0-1

[Event "April 9 Late 2024"]
[Site "Chess.com"]
[Date "2024.04.09"]
[Round "6"]
[White "Laskakis, Konstantinos"]
[Black "Belmonte, Diego Mariano"]
[Result "1-0"]
[Board "113"]
[WhiteFideId "42134374"]
[BlackFideId "105856"]
[BlackTitle "FM"]
[WhiteElo "2332"]
[BlackElo "2463"]
[WhiteTeam "GRE"]
[BlackTeam "ARG"]
[WhiteClock "0:00:33"]
[BlackClock "0:00:00"]
[Variant "Standard"]

1. e4 {[%clk 0:03:00]}  Nf6 {[%clk 0:02:59]} 2. d3 {[%clk 0:03:00]}  d5 {[%clk 0:02:59]} 3. exd5 {[%clk 0:02:59]}  Nxd5 {[%clk 0:02:59]} 4. g3 {[%clk 0:02:59]}  g6 {[%clk 0:02:54]} 5. Bg2 {[%clk 0:02:59]}  Bg7 {[%clk 0:02:54]} 6. Nf3 {[%clk 0:02:59]}  O-O {[%clk 0:02:53]} 7. O-O {[%clk 0:02:59]}  c5 {[%clk 0:02:52]} 8. Re1 {[%clk 0:02:52]}  Nc6 {[%clk 0:02:52]} 9. c3 {[%clk 0:02:51]}  e5 {[%clk 0:02:38]} 10. Nbd2 {[%clk 0:02:49]}  h6 {[%clk 0:02:37]} 11. Nc4 {[%clk 0:02:45]}  Re8 {[%clk 0:02:36]} 12. h4 {[%clk 0:02:38]}  Bg4 {[%clk 0:02:33]} 13. Qb3 {[%clk 0:02:36]}  Nb6 {[%clk 0:02:20]} 14. Be3 {[%clk 0:02:03]}  Bf8 {[%clk 0:01:05]} 15. a4 {[%clk 0:01:47]}  Qc7 {[%clk 0:00:55]} 16. Nfd2 {[%clk 0:01:27]}  Be6 {[%clk 0:00:46]} 17. Ne4 {[%clk 0:01:17]}  Kg7 {[%clk 0:00:30]} 18. Nxc5 {[%clk 0:01:12]}  Bxc5 {[%clk 0:00:26]} 19. Bxc5 {[%clk 0:01:11]}  Nxc4 {[%clk 0:00:19]} 20. dxc4 {[%clk 0:01:05]}  Na5 {[%clk 0:00:19]} 21. Qb4 {[%clk 0:00:55]}  b6 {[%clk 0:00:14]} 22. Bd6 {[%clk 0:00:53]}  Qxc4 {[%clk 0:00:11]} 23. Bxe5+ {[%clk 0:00:52]}  f6 {[%clk 0:00:10]} 24. Bd6 {[%clk 0:00:46]}  Qxb4 {[%clk 0:00:09]} 25. Bxb4 {[%clk 0:00:45]}  Rad8 {[%clk 0:00:08]} 26. Bxa5 {[%clk 0:00:43]}  bxa5 {[%clk 0:00:08]} 27. Bc6 {[%clk 0:00:42]}  Re7 {[%clk 0:00:07]} 28. Re3 {[%clk 0:00:40]}  Rd6 {[%clk 0:00:05]} 29. Bb5 {[%clk 0:00:38]}  Kf8 {[%clk 0:00:04]} 30. Rae1 {[%clk 0:00:38]}  Rb6 {[%clk 0:00:04]} 31. Bc4 {[%clk 0:00:37]}  Bxc4 {[%clk 0:00:02]} 32. Rxe7 {[%clk 0:00:37]}  Rxb2 {[%clk 0:00:03]} 33. Re8+ {[%clk 0:00:37]}  Kg7 {[%clk 0:00:02]} 34. R1e7+ {[%clk 0:00:36]}  Bf7 {[%clk 0:00:02]} 35. Ra8 {[%clk 0:00:34]}  Rb1+ {[%clk 0:00:00]} 36. Kh2 {[%clk 0:00:33]} 1-0

[Event "April 9 Late 2024"]
[Site "Chess.com"]
[Date "2024.04.09"]
[Round "6"]
[White "Marcziter, Dmitrii"]
[Black "Bueno, Alfeu Junior Varela"]
[Result "0-1"]
[Board "114"]
[WhiteFideId "13900765"]
[BlackFideId "2108879"]
[WhiteTitle "FM"]
[BlackTitle "FM"]
[WhiteElo "2328"]
[BlackElo "2459"]
[WhiteTeam "GER"]
[BlackTeam "BRA"]
[WhiteClock "0:00:14"]
[BlackClock "0:00:09"]
[Variant "Standard"]

1. d4 {[%clk 0:03:00]}  e6 {[%clk 0:02:52]} 2. c4 {[%clk 0:03:00]}  f5 {[%clk 0:02:52]} 3. g3 {[%clk 0:02:59]}  Nf6 {[%clk 0:02:52]} 4. Bg2 {[%clk 0:02:59]}  Be7 {[%clk 0:02:52]} 5. Nh3 {[%clk 0:02:57]}  O-O {[%clk 0:02:53]} 6. O-O {[%clk 0:02:57]}  d6 {[%clk 0:02:54]} 7. Nf4 {[%clk 0:02:51]}  e5 {[%clk 0:02:54]} 8. dxe5 {[%clk 0:02:51]}  dxe5 {[%clk 0:02:55]} 9. Nd5 {[%clk 0:02:51]}  c6 {[%clk 0:02:44]} 10. Nxe7+ {[%clk 0:02:49]}  Qxe7 {[%clk 0:02:44]} 11. Nc3 {[%clk 0:02:48]}  Be6 {[%clk 0:02:44]} 12. b3 {[%clk 0:02:48]}  Nbd7 {[%clk 0:02:43]} 13. Bb2 {[%clk 0:02:44]}  Rad8 {[%clk 0:02:43]} 14. Qd2 {[%clk 0:02:43]}  e4 {[%clk 0:02:32]} 15. Qc2 {[%clk 0:02:38]}  Qf7 {[%clk 0:02:20]} 16. Rad1 {[%clk 0:02:36]}  Qh5 {[%clk 0:02:17]} 17. f3 {[%clk 0:02:32]}  e3 {[%clk 0:02:11]} 18. Na4 {[%clk 0:02:09]}  f4 {[%clk 0:02:06]} 19. g4 {[%clk 0:01:59]}  Qh4 {[%clk 0:01:49]} 20. h3 {[%clk 0:01:46]}  h5 {[%clk 0:01:47]} 21. Bc3 {[%clk 0:01:35]}  hxg4 {[%clk 0:01:45]} 22. fxg4 {[%clk 0:01:33]}  Bxg4 {[%clk 0:01:05]} 23. Be1 {[%clk 0:01:24]}  Qh5 {[%clk 0:00:57]} 24. Rxf4 {[%clk 0:01:21]}  Bxh3 {[%clk 0:00:56]} 25. Rh4 {[%clk 0:01:20]}  Bf5 {[%clk 0:00:40]} 26. Qc3 {[%clk 0:01:04]}  Qg5 {[%clk 0:00:40]} 27. Rdd4 {[%clk 0:00:46]}  Ng4 {[%clk 0:00:19]} 28. Rf4 {[%clk 0:00:32]}  Qxf4 {[%clk 0:00:15]} 29. Bf3 {[%clk 0:00:26]}  Qg5 {[%clk 0:00:11]} 30. Bg2 {[%clk 0:00:25]}  Nf2 {[%clk 0:00:10]} 31. Qd4 {[%clk 0:00:20]}  Nf6 {[%clk 0:00:08]} 32. Qf4 {[%clk 0:00:18]}  Qxf4 {[%clk 0:00:07]} 33. Rxf4 {[%clk 0:00:18]}  N6g4 {[%clk 0:00:07]} 34. Nc3 {[%clk 0:00:17]}  Rd2 {[%clk 0:00:04]} 35. Ne4 {[%clk 0:00:16]}  Rd1 {[%clk 0:00:04]} 36. Kf1 {[%clk 0:00:14]}  Bxe4 {[%clk 0:00:04]} 37. Bxe4 {[%clk 0:00:13]}  Nxe4 {[%clk 0:00:04]} 38. Rxf8+ {[%clk 0:00:12]}  Kxf8 {[%clk 0:00:04]} 39. b4 {[%clk 0:00:12]}  Nd2+ {[%clk 0:00:05]} 40. Kg2 {[%clk 0:00:12]}  Rxe1 {[%clk 0:00:06]} 41. Kg3 {[%clk 0:00:12]}  Rxe2 {[%clk 0:00:06]} 42. Kxg4 {[%clk 0:00:12]}  Rf2 {[%clk 0:00:07]} 43. Kg5 {[%clk 0:00:12]}  e2 {[%clk 0:00:08]} 44. Kg6 {[%clk 0:00:13]}  e1=Q {[%clk 0:00:09]} 45. Kh7 {[%clk 0:00:14]}  Qg1 {[%clk 0:00:09]} 46. Kh8 {[%clk 0:00:14]}  Rh2# {[%clk 0:00:09]} 0-1